000 00267nam a2200109Ia 4500
008 231212s1976 xx 000 0 und d
041 _aeng
082 _a621.381
100 _aFrankland
245 _aThe Pipe Fifter's & Pipe Welders
260 _aLandon
_bNew Hei
_c1976
999 _c957909
_d957909